[Event "OSREDNJA SLOVENSKA LIGA 2024"]
[Site "Gostovanja"]
[Date "2024.10.17"]
[Round "6.1"]
[White "Srebrnic, Vojko"]
[Black "Ribicic, Marko"]
[Result "1-0"]
[WhiteElo "2074"]
[BlackElo "1844"]
[PlyCount "89"]
[EventDate "2024.09.12"]
[WhiteTeam "SK Ljubljana"]
[BlackTeam "Zelenci LPP"]

1. e4 c5 2. Nf3 Nc6 3. d4 cxd4 4. Nxd4 e5 5. Nxc6 bxc6 6. Bc4 Nf6 7. Nc3 Be7 8.
O-O O-O 9. Re1 Bb7 10. Bg5 Nxe4 11. Bxe7 Nxc3 12. Bxd8 Nxd1 13. Be7 Rfe8 14.
Ba3 d5 15. Be2 Nxf2 16. Kxf2 f5 17. c3 a5 18. g3 Ba6 19. Bxa6 Rxa6 20. Bc5 a4
21. b3 e4 22. h3 h5 23. Be3 axb3 24. axb3 Rea8 25. Rxa6 Rxa6 26. b4 Ra2+ 27.
Re2 Rxe2+ 28. Kxe2 Kf7 29. Bf4 Ke6 30. Ke3 h4 31. gxh4 Kf6 32. h5 g5 33. hxg6
Kxg6 34. Kf2 Kh5 35. Kg3 Kg6 36. Kh4 Kf6 37. Kh5 e3 38. Bxe3 Ke5 39. Kg5 Ke4
40. Bf4 d4 41. cxd4 Kxd4 42. Kxf5 Kc4 43. Bd6 Kd5 44. Bc5 Kc4 45. h4 1-0

[Event "OSREDNJA SLOVENSKA LIGA 2024"]
[Site "Gostovanja"]
[Date "2024.10.17"]
[Round "6.1"]
[White "Novakovic, Gosto"]
[Black "Markus, David"]
[Result "1/2-1/2"]
[WhiteElo "1789"]
[BlackElo "1771"]
[PlyCount "51"]
[EventDate "2024.09.12"]
[WhiteTeam "Zelenci LPP"]
[BlackTeam "SK Ljubljana"]

1. e4 c5 2. Nf3 e6 3. Nc3 g6 4. Be2 Nc6 5. d4 cxd4 6. Nxd4 Qc7 7. a3 Nf6 8. b4
Nxb4 9. Bb2 Nc6 10. O-O Be7 11. Nxc6 dxc6 12. Bd3 O-O 13. Ne2 e5 14. h3 Be6 15.
Ng3 Rfd8 16. Qe2 b5 17. Nf5 Bxf5 18. exf5 Bd6 19. g4 Nd5 20. Qf3 Bc5 21. Be4
Rac8 22. Rad1 Qe7 23. Bxd5 Rxd5 24. Rxd5 cxd5 25. Qxd5 Bxa3 26. Bxe5 1/2-1/2

[Event "OSREDNJA SLOVENSKA LIGA 2024"]
[Site "Gostovanja"]
[Date "2024.10.17"]
[Round "6.1"]
[White "Juvan, Vid"]
[Black "Becic, Semso"]
[Result "1-0"]
[WhiteElo "1730"]
[BlackElo "1747"]
[PlyCount "80"]
[EventDate "2024.09.12"]
[WhiteTeam "SK Ljubljana"]
[BlackTeam "Zelenci LPP"]

1. e4 e5 2. Nf3 d6 3. Bc4 Bg4 4. d3 h6 5. h3 Bxf3 6. Qxf3 Nf6 7. Nc3 a6 8. Nd5
Be7 9. Qg3 c6 10. Qxg7 Kd7 11. Nxf6+ Bxf6 12. Qxf7+ Qe7 13. Qxe7+ Kxe7 14. c3
Nd7 15. f4 Bh4+ 16. Kd1 Raf8 17. f5 Nf6 18. g3 Bxg3 19. Rg1 Nh5 20. Be3 a5 21.
d4 b5 22. Be2 Bf4 23. Kd2 Bxe3+ 24. Kxe3 Nf4 25. dxe5 dxe5 26. Rg7+ Rf7 27. Rg3
h5 28. h4 Kd6 29. a4 bxa4 30. Rxa4 Rb8 31. Bc4 Rxb2 32. Bxf7 Ng2+ 33. Rxg2 Rxg2
34. Bxh5 Rh2 35. Rxa5 Rxh4 36. Bf3 Rh6 37. Ra8 Kd7 38. Rg8 Rh4 39. Rg7+ Kd6 40.
Rg6+ Kd7 1-0

[Event "OSREDNJA SLOVENSKA LIGA 2024"]
[Site "Gostovanja"]
[Date "2024.10.17"]
[Round "6.1"]
[White "Levacic, Matic"]
[Black "Tomazin Kosorok, Tadej"]
[Result "1-0"]
[WhiteElo "1614"]
[BlackElo "1725"]
[PlyCount "49"]
[EventDate "2024.09.12"]
[WhiteTeam "Zelenci LPP"]
[BlackTeam "SK Ljubljana"]

1. e4 e5 2. Nf3 Nc6 3. Bc4 Nf6 4. d3 Be7 5. O-O d6 6. a3 Bg4 7. c3 Qd7 8. Re1
Rf8 9. Nbd2 O-O-O 10. Nf1 a6 11. Be3 h6 12. N1d2 Nh7 13. b4 f5 14. h3 Bxh3 15.
b5 axb5 16. Bxb5 f4 17. Qa4 Kb8 18. Reb1 Qg4 19. Ne1 fxe3 20. f3 Rxf3 21. Ndxf3
Na7 22. Bc6 b6 23. Rb4 Nxc6 24. Qxc6 Kc8 25. Ra4 1-0

[Event "OSREDNJA SLOVENSKA LIGA 2024"]
[Site "Gostovanja"]
[Date "2024.10.17"]
[Round "6.2"]
[White "Siraj, Svit"]
[Black "Lucovnik, Tilen"]
[Result "1-0"]
[WhiteElo "2048"]
[BlackElo "2169"]
[PlyCount "101"]
[EventDate "2024.09.12"]
[WhiteTeam "SD Vrhnika"]
[BlackTeam "SK Komenda Popotnik"]

1. e4 d6 2. d4 Nf6 3. Bd3 e5 4. c3 d5 5. dxe5 Nxe4 6. Bxe4 dxe4 7. Qxd8+ Kxd8
8. Nd2 Nd7 9. Nxe4 Nxe5 10. Bg5+ Be7 11. O-O-O+ Ke8 12. Bf4 f6 13. Bxe5 fxe5
14. Nf3 Bg4 15. Rd3 Bxf3 16. Rxf3 Rf8 17. Re3 Rd8 18. Rhe1 Kf7 19. Kc2 Rd5 20.
R3e2 Bf6 21. Nd2 b5 22. Nf3 Re8 23. Re4 Re7 24. a4 a6 25. axb5 axb5 26. Ra1 h5
27. Ra5 c6 28. Ra6 Re6 29. b3 Rdd6 30. h3 Rd5 31. c4 Rd7 32. Ra5 Rb7 33. Ra6
Rd7 34. Ra5 Rb7 35. Ne1 Bd8 36. Ra8 Bb6 37. Nf3 Ke7 38. Ng5 Rf6 39. Rxe5+ Kd6
40. Re2 Rf5 41. Rd2+ Kc5 42. Ne4+ Kb4 43. Nd6 Rbf7 44. Nxf7 Rxf7 45. cxb5 cxb5
46. Re8 Bxf2 47. Re4+ Ka5 48. b4+ Ka4 49. Re6 Ra7 50. Kb2 h4 51. Rd3 1-0

[Event "OSREDNJA SLOVENSKA LIGA 2024"]
[Site "Gostovanja"]
[Date "2024.10.17"]
[Round "6.2"]
[White "Zidar, Jernej"]
[Black "Praznik, Anton"]
[Result "1-0"]
[WhiteElo "2055"]
[BlackElo "1967"]
[PlyCount "79"]
[EventDate "2024.09.12"]
[WhiteTeam "SK Komenda Popotnik"]
[BlackTeam "SD Vrhnika"]

1. d4 Nf6 2. c4 c5 3. d5 e6 4. Nc3 exd5 5. cxd5 d6 6. Nf3 g6 7. Nd2 Bg7 8. e4
O-O 9. Be2 Na6 10. O-O Nc7 11. a4 Re8 12. f3 Nd7 13. Kh1 Rb8 14. Qe1 f5 15. Nc4
Ne5 16. Nxe5 Bxe5 17. Bd3 b6 18. Bh6 a6 19. f4 Bf6 20. Qd2 b5 21. axb5 axb5 22.
exf5 gxf5 23. Rf3 c4 24. Bc2 b4 25. Nd1 b3 26. Bb1 Nb5 27. Bg5 Nd4 28. Re3 Rxe3
29. Nxe3 Nc2 30. Bxc2 bxc2 31. Qxc2 Bxg5 32. fxg5 Qxg5 33. Nxc4 Qf6 34. Qf2 Bb7
35. Qb6 Qd8 36. Qd4 Ra8 37. Re1 Ra4 38. b3 Ra2 39. h3 Qg5 40. Re8+ 1-0

[Event "OSREDNJA SLOVENSKA LIGA 2024"]
[Site "Gostovanja"]
[Date "2024.10.17"]
[Round "6.2"]
[White "Zlindra, Aljaz"]
[Black "Juhant, Igor"]
[Result "1-0"]
[WhiteElo "1851"]
[BlackElo "1985"]
[PlyCount "139"]
[EventDate "2024.09.12"]
[WhiteTeam "SD Vrhnika"]
[BlackTeam "SK Komenda Popotnik"]

1. e4 c6 2. d4 d5 3. f3 dxe4 4. fxe4 e5 5. Nf3 exd4 6. Bc4 Be6 7. Bxe6 fxe6 8.
O-O Be7 9. Nxd4 Qd7 10. Qh5+ Kd8 11. Rd1 Kc8 12. Be3 Nf6 13. Qe2 Bc5 14. Nc3
Qe7 15. e5 Nd5 16. Ne4 Nxe3 17. Qxe3 Nd7 18. Qg3 Bxd4+ 19. Rxd4 Kc7 20. Rad1
Rhd8 21. Nd6 Nf8 22. Nb5+ Kb6 23. Nd6 Kc7 24. Qa3 Rd7 25. Nb5+ cxb5 26. Rxd7+
Qxd7 27. Rxd7+ Kxd7 28. Qd6+ Ke8 29. Qc7 Rd8 30. Qxb7 Rd5 31. Qxg7 Rd1+ 32. Kf2
Rd2+ 33. Ke3 Rxc2 34. Qxa7 Rxb2 35. Qa3 Rb1 36. Qc3 Kf7 37. Qc7+ Kg8 38. Qc2
Rb4 39. a3 Ra4 40. Qb2 Kf7 41. g3 Ng6 42. h3 Ne7 43. g4 Nd5+ 44. Kf3 b4 45.
axb4 Rxb4 46. Qc2 Kg7 47. Kg3 h6 48. Qd3 Rb6 49. h4 Rc6 50. Kf2 Rc3 51. Qe4 Rb3
52. h5 Ne7 53. Qf4 Nd5 54. Qe4 Ne7 55. Qc2 Rb4 56. Kg3 Rd4 57. Qc7 Kf7 58. Qb8
Rd3+ 59. Kf2 Rd4 60. Qh8 Rxg4 61. Qf6+ Ke8 62. Qxe6 Rg5 63. Qxh6 Rf5+ 64. Kg3
Rf1 65. Qe6 Kf8 66. h6 Rg1+ 67. Kf2 Rg6 68. Qh3 Kg8 69. Qd7 Rxh6 70. Qxe7 1-0

[Event "OSREDNJA SLOVENSKA LIGA 2024"]
[Site "Gostovanja"]
[Date "2024.10.17"]
[Round "6.2"]
[White "Novak, Anze"]
[Black "Sever, Gasper"]
[Result "1/2-1/2"]
[WhiteElo "1823"]
[BlackElo "1790"]
[PlyCount "175"]
[EventDate "2024.09.12"]
[WhiteTeam "SK Komenda Popotnik"]
[BlackTeam "SD Vrhnika"]

1. d4 Nf6 2. c4 e6 3. Nf3 d5 4. Nc3 Bb4 5. Bg5 Nbd7 6. e3 O-O 7. cxd5 exd5 8.
Nd2 c6 9. Be2 Re8 10. O-O h6 11. Bh4 g5 12. Bg3 Nf8 13. a3 Bd6 14. Qc2 Ng6 15.
Rfe1 Bxg3 16. hxg3 Kg7 17. Rad1 Be6 18. e4 dxe4 19. Ndxe4 Bf5 20. Bd3 Bxe4 21.
Bxe4 Nxe4 22. Rxe4 Rxe4 23. Qxe4 Qe7 24. f3 Rd8 25. Kf2 Qc7 26. Ne2 Rd6 27. b4
a5 28. Rb1 axb4 29. Rxb4 Re6 30. Qc2 Ne7 31. Qb2 Nd5 32. Rxb7 Qa5 33. Rb3 Qa7
34. Qd2 Qa4 35. Rd3 Rd6 36. Nc3 Qa5 37. Nxd5 Qxd5 38. Qc3 Kg6 39. Qc2 Kg7 40.
Ke3 Re6+ 41. Kd2 g4 42. Qb3 Qa5+ 43. Qb4 Qd5 44. Qb3 Qa5+ 45. Qc3 Qd5 46. Re3
Qa2+ 47. Kd3 Qb1+ 48. Ke2 Qa2+ 49. Kf1 Qb1+ 50. Kf2 Qa2+ 51. Kg1 Rxe3 52. Qxe3
gxf3 53. gxf3 Qb1+ 54. Kh2 Qc2+ 55. Kh3 Qf5+ 56. g4 Qc2 57. Qe5+ Kg8 58. Qc5
Qd2 59. Qxc6 Qxd4 60. Qxh6 Qc3 61. Qg5+ Kf8 62. Qd8+ Kg7 63. Qg5+ Kf8 64. Qh6+
Kg8 65. Qf4 Qxa3 66. g5 Qa1 67. Kg4 Qg1+ 68. Kf5 Qc5+ 69. Qe5 Qc8+ 70. Kf4 Qc4+
71. Qe4 Qc1+ 72. Qe3 Qc4+ 73. Kg3 Qd5 74. f4 Qb5 75. Kg4 Qd7+ 76. f5 Qd1+ 77.
Kh4 Qa4+ 78. Kh3 Qc6 79. Qg3 Qc8 80. Qe5 Qd8 81. Kh4 Qa8 82. Kg4 Qg2+ 83. Kf4
Qh2+ 84. Ke4 Qg2+ 85. Kd4 Qxg5 86. Qe8+ Kg7 87. Qe5+ Kg8 88. Qe8+ 1/2-1/2

[Event "OSREDNJA SLOVENSKA LIGA 2024"]
[Site "Gostovanja"]
[Date "2024.10.17"]
[Round "6.3"]
[White "Bohorc, Edo"]
[Black "Debevec, Blaz"]
[Result "0-1"]
[WhiteElo "2007"]
[BlackElo "2066"]
[PlyCount "74"]
[EventDate "2024.09.12"]
[WhiteTeam "SD Crni graben"]
[BlackTeam "SD Domzale"]

1. e4 c5 2. Nf3 Nc6 3. d4 cxd4 4. Nxd4 Nf6 5. Nc3 e5 6. Nb3 Bb4 7. Bd3 d5 8.
exd5 Nxd5 9. Bd2 Nxc3 10. Bxc3 Bxc3+ 11. bxc3 O-O 12. O-O Qg5 13. Qd2 Qxd2 14.
Nxd2 Re8 15. f4 Be6 16. fxe5 Nxe5 17. Be4 Rad8 18. Nb3 Bc8 19. Rad1 Rxd1 20.
Rxd1 Kf8 21. h3 b6 22. Nd4 Bd7 23. Bd5 Rc8 24. Re1 f6 25. Re3 Rc5 26. Ne6+ Bxe6
27. Bxe6 Ke7 28. Bb3 Rc7 29. Kf2 Kd6 30. Re2 Re7 31. Re4 Ng6 32. Rxe7 Nxe7 33.
g3 Ke5 34. Bf7 Nf5 35. Kf3 Nd6 36. Bg8 Ne4 37. Bxh7 Ng5+ 0-1

[Event "OSREDNJA SLOVENSKA LIGA 2024"]
[Site "Gostovanja"]
[Date "2024.10.17"]
[Round "6.3"]
[White "Skok, Joze"]
[Black "Skok, Boris"]
[Result "1/2-1/2"]
[WhiteElo "1958"]
[BlackElo "1956"]
[PlyCount "30"]
[EventDate "2024.09.12"]
[WhiteTeam "SD Domzale"]
[BlackTeam "SD Crni graben"]

1. e4 c6 2. d4 d5 3. exd5 cxd5 4. Bd3 Nc6 5. c3 Nf6 6. h3 g6 7. Nf3 Qd6 8. O-O
Bg7 9. Re1 Nh5 10. Qe2 Nf4 11. Bxf4 Qxf4 12. Bb5 O-O 13. Nbd2 Bf6 14. Qe3 Qxe3
15. Rxe3 Be6 1/2-1/2

[Event "OSREDNJA SLOVENSKA LIGA 2024"]
[Site "Gostovanja"]
[Date "2024.10.17"]
[Round "6.3"]
[White "Osolin, Bogdan"]
[Black "Skube, Zan"]
[Result "0-1"]
[WhiteElo "1941"]
[BlackElo "1719"]
[PlyCount "90"]
[EventDate "2024.09.12"]
[WhiteTeam "SD Crni graben"]
[BlackTeam "SD Domzale"]

1. e4 c6 2. d4 d5 3. Nd2 dxe4 4. Nxe4 Bf5 5. Nc5 e5 6. Nxb7 Qb6 7. Nc5 Bxc5 8.
dxc5 Qxc5 9. c3 Nf6 10. Be3 Qe7 11. Be2 O-O 12. Nf3 h6 13. O-O Nbd7 14. c4 Rfb8
15. Qc1 a5 16. Re1 Qb4 17. b3 Ng4 18. Bd2 Qb6 19. Rf1 c5 20. Bc3 Re8 21. h3
Ngf6 22. Re1 Qc7 23. Nd2 a4 24. Bf3 e4 25. Be2 Ne5 26. Nf1 Qd6 27. Ne3 Bg6 28.
Rd1 Nd3 29. Bxd3 exd3 30. Bxf6 Qxf6 31. bxa4 Rxa4 32. Qd2 Qd4 33. Rdc1 Rb8 34.
Rab1 Rab4 35. Rxb4 Rxb4 36. Rc3 Rb1+ 37. Rc1 Rb2 38. Qa5 Rxf2 39. Qa8+ Kh7 40.
Kxf2 Qb2+ 41. Kg3 Qxc1 42. Qf3 Qe1+ 43. Kf4 d2 44. g4 Bd3 45. Ng2 g5# 0-1

[Event "OSREDNJA SLOVENSKA LIGA 2024"]
[Site "Gostovanja"]
[Date "2024.10.17"]
[Round "6.4"]
[White "Susnik, Matej"]
[Black "Lah, Emil"]
[Result "0-1"]
[WhiteElo "2034"]
[BlackElo "1947"]
[PlyCount "54"]
[EventDate "2024.09.12"]
[WhiteTeam "Drustvo Tomo Zupan"]
[BlackTeam "SK Trzin Buscotrade"]

1. e4 c5 2. Nf3 d6 3. d4 cxd4 4. Nxd4 Nf6 5. Nc3 a6 6. f4 Qc7 7. Bd3 g6 8. O-O
Bg7 9. Nf3 e5 10. Kh1 O-O 11. Qe1 Nbd7 12. Qh4 b5 13. fxe5 dxe5 14. Bh6 Bb7 15.
Ng5 Qd6 16. Rf3 Nh5 17. Bxg7 Kxg7 18. g4 f6 19. gxh5 fxg5 20. h6+ Kh8 21. Rxf8+
Rxf8 22. Qxg5 Nc5 23. Rd1 Nxe4 24. Bxe4 Bxe4+ 25. Nxe4 Qxd1+ 26. Kg2 Qf3+ 27.
Kg1 Qf1# 0-1

[Event "OSREDNJA SLOVENSKA LIGA 2024"]
[Site "Gostovanja"]
[Date "2024.10.17"]
[Round "6.4"]
[White "Raspor, Gregor"]
[Black "Demsar, Maks"]
[Result "0-1"]
[WhiteElo "1978"]
[BlackElo "1958"]
[PlyCount "68"]
[EventDate "2024.09.12"]
[WhiteTeam "SK Trzin Buscotrade"]
[BlackTeam "Drustvo Tomo Zupan"]

1. d4 Nf6 2. c4 c5 3. d5 b5 4. cxb5 a6 5. bxa6 g6 6. Nc3 Bg7 7. e4 d6 8. Nf3
O-O 9. Be2 Qa5 10. O-O Bxa6 11. Re1 Nbd7 12. h3 Rfb8 13. Qc2 Ne8 14. Rb1 Nc7
15. Bg5 Kf8 16. Bd2 Bxe2 17. Rxe2 Nb5 18. Ra1 Nd4 19. Nxd4 cxd4 20. Nd1 Qb5 21.
Re1 Nc5 22. Bf4 Nb3 23. Rb1 Rxa2 24. e5 Qxd5 25. Qc7 Raa8 26. exd6 e6 27. d7
Rd8 28. Bd6+ Kg8 29. Nc3 Qa5 30. Qb7 Qa6 31. Qc7 Qa5 32. Qb7 Qa6 33. Qc7 Qa7
34. Qb7 Qa6 0-1

[Event "OSREDNJA SLOVENSKA LIGA 2024"]
[Site "Gostovanja"]
[Date "2024.10.17"]
[Round "6.4"]
[White "Smirnov, Maksim"]
[Black "Krumpak, Hinko"]
[Result "1-0"]
[WhiteElo "1839"]
[BlackElo "2002"]
[PlyCount "38"]
[EventDate "2024.09.12"]
[WhiteTeam "Drustvo Tomo Zupan"]
[BlackTeam "SK Trzin Buscotrade"]

1. d4 d6 2. Nf3 Bg4 3. Bf4 c5 4. dxc5 Qa5+ 5. c3 Qxc5 6. Qa4+ Bd7 7. Qb3 Qb5 8.
Qxb5 Bxb5 9. Na3 Bc6 10. e3 Nf6 11. Nb5 Bxb5 12. Bxb5+ Nc6 13. h3 g6 14. O-O
Bg7 15. Rfe1 a6 16. Ba4 O-O 17. e4 b5 18. Bb3 Na5 19. e5 dxe5 {nejasno (57)}
1-0

[Event "OSREDNJA SLOVENSKA LIGA 2024"]
[Site "Gostovanja"]
[Date "2024.10.17"]
[Round "6.4"]
[White "Borisek, Anze"]
[Black "Rogelj, Tomaz"]
[Result "1-0"]
[WhiteElo "1933"]
[BlackElo "1554"]
[PlyCount "91"]
[EventDate "2024.09.12"]
[WhiteTeam "SK Trzin Buscotrade"]
[BlackTeam "Drustvo Tomo Zupan"]

1. f4 d5 2. Nf3 Nf6 3. e3 g6 4. b3 Bg7 5. Bb2 O-O 6. Be2 Nc6 7. O-O Bf5 8. Ne5
Nxe5 9. Bxe5 Ne8 10. Bxg7 Kxg7 11. g4 Bd7 12. Qe1 f5 13. g5 Nd6 14. d3 e5 15.
Qc3 Re8 16. h4 Qe7 17. Bf3 c6 18. Nd2 Kg8 19. Rae1 Nb5 20. Qb2 exf4 21. exf4
Qc5+ 22. Kg2 Re3 23. c4 Nc7 24. h5 Rae8 25. h6 Ne6 26. Kg3 Qd4 27. Qxd4 Nxd4
28. Rxe3 Rxe3 29. cxd5 cxd5 30. Kf2 Rxd3 31. Bxd5+ Be6 32. Bxe6+ Nxe6 33. Ke2
Rd4 34. Ke3 b5 35. Rc1 Rd8 36. Nf3 Re8 37. Ne5 Nxg5 38. Rc7 a6 39. Rg7+ Kh8 40.
Kd2 Rd8+ 41. Kc2 Re8 42. Kb2 Rg8 43. Rxg8+ Kxg8 44. fxg5 Kf8 45. Kc3 Ke7 46.
Nxg6+ 1-0

[Event "OSREDNJA SLOVENSKA LIGA 2024"]
[Site "Gostovanja"]
[Date "2024.10.17"]
[Round "6.5"]
[White "Veskovic, Dzemal"]
[Black "Kampus, Andrej"]
[Result "0-1"]
[WhiteElo "1895"]
[BlackElo "1915"]
[PlyCount "86"]
[EventDate "2024.09.12"]
[WhiteTeam "SD Menges - Trzin"]
[BlackTeam "SK Dol pri Ljubljani"]

1. e4 d5 2. exd5 Nf6 3. c4 e6 4. Qe2 Bc5 5. dxe6 Bxe6 6. d3 Nc6 7. Nf3 O-O 8.
Be3 Nd4 9. Nxd4 Bxd4 10. Nc3 Re8 11. h3 c5 12. Qd2 Bf5 13. Be2 Qe7 14. O-O Bg6
15. Bf3 Bxe3 16. fxe3 Qxe3+ 17. Qxe3 Rxe3 18. Bxb7 Rb8 19. Be4 Bxe4 20. Nxe4
Nxe4 21. dxe4 Rxb2 22. Rab1 Ree2 23. Rxb2 Rxb2 24. Rf2 Rb1+ 25. Rf1 Rxf1+ 26.
Kxf1 f6 27. Ke2 Kf7 28. Ke3 Ke6 29. Kf4 g5+ 30. Ke3 h5 31. g3 Kd6 32. Kd3 Ke6
33. a3 Ke5 34. Ke3 h4 35. gxh4 gxh4 36. Kf3 Kd4 37. Kg4 Kxc4 38. Kxh4 Kd3 39.
Kg4 c4 40. h4 c3 41. h5 c2 42. h6 c1=Q 43. Kh5 Qg5# 0-1

[Event "OSREDNJA SLOVENSKA LIGA 2024"]
[Site "Gostovanja"]
[Date "2024.10.17"]
[Round "6.5"]
[White "Azinovic, Igor"]
[Black "Sedlar, Tomo"]
[Result "1-0"]
[WhiteElo "1799"]
[BlackElo "1871"]
[PlyCount "65"]
[EventDate "2024.09.12"]
[WhiteTeam "SK Dol pri Ljubljani"]
[BlackTeam "SD Menges - Trzin"]

1. e4 e5 2. Bc4 Bc5 3. Nf3 Nc6 4. c3 d6 5. O-O Bg4 6. Re1 Qf6 7. Be2 Nge7 8. h3
Bh5 9. d3 h6 10. Nbd2 O-O 11. Nf1 Bxf3 12. Bxf3 Ng6 13. Be3 Bb6 14. a4 Nf4 15.
b4 Bxe3 16. Nxe3 Qg5 17. Kh2 Ne7 18. g3 Nfg6 19. Bg4 Nc6 20. Nd5 Qd8 21. Qe2
Nge7 22. Ne3 g6 23. b5 Nb8 24. c4 Nd7 25. Rf1 Nc5 26. f4 Nb3 27. Rab1 Nd4 28.
Qf2 f5 29. exf5 gxf5 30. Nxf5 Ndxf5 31. Qf3 exf4 32. Qd5+ Kg7 33. Rxf4 {
nejasno (55)} 1-0

[Event "OSREDNJA SLOVENSKA LIGA 2024"]
[Site "Gostovanja"]
[Date "2024.10.17"]
[Round "6.5"]
[White "Simicak, Metod"]
[Black "Magerl, Zan"]
[Result "0-1"]
[WhiteElo "1858"]
[BlackElo "1682"]
[PlyCount "120"]
[EventDate "2024.09.12"]
[WhiteTeam "SD Menges - Trzin"]
[BlackTeam "SK Dol pri Ljubljani"]

1. e4 e5 2. Nf3 Nf6 3. Nc3 Nc6 4. Bb5 Bc5 5. O-O O-O 6. Bxc6 dxc6 7. Nxe5 Bd4
8. Nc4 Bxc3 9. bxc3 Nxe4 10. Qf3 Nd6 11. Ne3 Be6 12. d3 Qg5 13. c4 Qg6 14. Rb1
Rab8 15. Ba3 Bd7 16. Rb3 Rfe8 17. Rfb1 b6 18. Bxd6 Qxd6 19. a4 a5 20. Qg3 Qxg3
21. hxg3 Rbc8 22. Re1 c5 23. Ra3 Re7 24. Raa1 Rce8 25. Kf1 Bc6 26. Red1 g6 27.
c3 Kg7 28. d4 cxd4 29. cxd4 Re4 30. d5 Bb7 31. Rac1 Ba6 32. Rc3 h6 33. Rdd3 Bc8
34. f3 R4e5 35. Kf2 Rd8 36. Nc2 Bf5 37. Re3 Rxe3 38. Nxe3 Bd7 39. Ra3 Be8 40.
Ke2 c6 41. Kd3 cxd5 42. cxd5 b5 43. axb5 Bxb5+ 44. Kd4 a4 45. Kc5 Be8 46. Nc4
Rc8+ 47. Kd4 Rb8 48. Re3 Bb5 49. d6 Bd7 50. Re7 Be6 51. Ra7 Rb4 52. Rc7 a3 53.
Ke5 a2 54. Ra7 Rxc4 55. d7 Rc5+ 56. Ke4 Rd5 57. Rxa2 Rxd7 58. Rb2 Rd1 59. g4 g5
60. Ke3 Ra1 0-1

[Event "OSREDNJA SLOVENSKA LIGA 2024"]
[Site "Gostovanja"]
[Date "2024.10.17"]
[Round "6.6"]
[White "Sajovic, Marko"]
[Black "Butala, Marjan"]
[Result "1-0"]
[WhiteElo "2190"]
[BlackElo "1940"]
[PlyCount "67"]
[EventDate "2024.09.12"]
[WhiteTeam "SK Medvode"]
[BlackTeam "Drustvo KPSRD Karel Jeraj"]

1. e4 e5 2. Nf3 Nc6 3. Bc4 Nf6 4. Ng5 d5 5. exd5 Na5 6. Bb5+ c6 7. dxc6 bxc6 8.
Qf3 Rb8 9. Ba4 Bg4 10. Bxc6+ Nxc6 11. Qxc6+ Nd7 12. d3 Be7 13. Ne4 Rb6 14. Qa4
f5 15. Nec3 Qa8 16. O-O Rb4 17. Qa5 Rb7 18. Nd5 Bd8 19. Qa3 Kf7 20. c4 Re8 21.
Re1 f4 22. f3 Bf5 23. b4 Qb8 24. Bd2 Nf6 25. Nbc3 Bxd3 26. Qb3 Kg6 27. c5 Bf5
28. Nxf6 Rxb4 29. Nxe8 Rxb3 30. axb3 Bh4 31. Ra6+ Kg5 32. g3 Qxe8 33. Rxe5 Bxg3
34. Rxe8 1-0

[Event "OSREDNJA SLOVENSKA LIGA 2024"]
[Site "Gostovanja"]
[Date "2024.10.17"]
[Round "6.6"]
[White "Stimec, Marjan"]
[Black "Porenta, Matija"]
[Result "1-0"]
[WhiteElo "1842"]
[BlackElo "1885"]
[PlyCount "141"]
[EventDate "2024.09.12"]
[WhiteTeam "Drustvo KPSRD Karel Jeraj"]
[BlackTeam "SK Medvode"]

1. e4 c5 2. Nf3 d6 3. d4 cxd4 4. Nxd4 Nf6 5. Nc3 a6 6. Be2 e6 7. Be3 Be7 8. Qd2
Nc6 9. O-O-O Qc7 10. f4 b5 11. Nxc6 Qxc6 12. e5 Nd5 13. Bf3 Bb7 14. Nxd5 exd5
15. Bxd5 Qxd5 16. Qxd5 Bxd5 17. Rxd5 dxe5 18. Rxe5 Kf8 19. Rd1 f6 20. Re4 Rd8
21. Rxd8+ Bxd8 22. Re6 a5 23. Bb6 Kf7 24. Rc6 Re8 25. Bxd8 Rxd8 26. Rc5 Rb8 27.
f5 Rb7 28. c3 h5 29. a4 b4 30. Rxa5 bxc3 31. bxc3 g6 32. fxg6+ Kxg6 33. Rb5 Re7
34. Kd2 Rd7+ 35. Kc2 Re7 36. Rb2 Kf5 37. a5 Ra7 38. Rb5+ Kg4 39. Rb4+ Kf5 40.
Ra4 Ke5 41. a6 f5 42. Kd3 h4 43. Rxh4 Rxa6 44. g3 Ra1 45. Kc2 Kd5 46. Kb2 Rf1
47. Kc2 Rf2+ 48. Kb3 Kc5 49. Rh5 Kc6 50. Kc4 f4 51. Rh6+ Kd7 52. gxf4 Rxf4+ 53.
Kb5 Rf5+ 54. Kb4 Kc7 55. c4 Rf1 56. Kb5 Rb1+ 57. Kc5 Rf1 58. Rh7+ Kc8 59. Kb5
Rf5+ 60. c5 Rg5 61. Kb6 Rg2 62. Rh6 Ra2 63. Rh8+ Kd7 64. c6+ Kd6 65. Rd8+ Ke7
66. Rd7+ Ke8 67. Rh7 Rb2+ 68. Kc7 Ra2 69. Rh3 Re2 70. Rh7 Ra2 71. Kb8 1-0

[Event "OSREDNJA SLOVENSKA LIGA 2024"]
[Site "Gostovanja"]
[Date "2024.10.17"]
[Round "6.6"]
[White "Jese, Janez"]
[Black "Vertacnik, Viktor"]
[Result "1-0"]
[WhiteElo "1801"]
[BlackElo "1718"]
[PlyCount "61"]
[EventDate "2024.09.12"]
[WhiteTeam "SK Medvode"]
[BlackTeam "Drustvo KPSRD Karel Jeraj"]

1. e4 e5 2. Bc4 Bc5 3. d4 Bxd4 4. Nf3 Nc6 5. O-O Nf6 6. Nxd4 Nxd4 7. f4 d6 8.
fxe5 dxe5 9. Bg5 Be6 10. Bxe6 Nxe6 11. Qxd8+ Rxd8 12. Bxf6 gxf6 13. Rxf6 Rd1+
14. Rf1 Rxf1+ 15. Kxf1 Ke7 16. Nc3 c6 17. Rd1 Nd4 18. Rd2 Rd8 19. Ne2 Nxe2 20.
Kxe2 Rxd2+ 21. Kxd2 Ke6 22. Ke3 h5 23. g3 f5 24. exf5+ Kxf5 25. h3 c5 26. c4 b6
27. a3 a5 28. a4 e4 29. g4+ hxg4 30. hxg4+ Kxg4 31. Kxe4 1-0

[Event "OSREDNJA SLOVENSKA LIGA 2024"]
[Site "Gostovanja"]
[Date "2024.10.17"]
[Round "6.6"]
[White "Cizman, Gregor"]
[Black "Krupenko, Andrej"]
[Result "1/2-1/2"]
[WhiteElo "1683"]
[BlackElo "1556"]
[PlyCount "34"]
[EventDate "2024.09.12"]
[WhiteTeam "Drustvo KPSRD Karel Jeraj"]
[BlackTeam "SK Medvode"]

1. d4 d5 2. Nf3 Nf6 3. c3 c6 4. Bf4 Bf5 5. Nbd2 Nbd7 6. e3 e6 7. Be2 Be7 8. O-O
O-O 9. Qb3 Qb6 10. Ne5 Qxb3 11. Nxb3 a5 12. Nxd7 Nxd7 13. Nd2 h6 14. h3 Nf6 15.
Rfe1 Rfd8 16. Bf3 Bd6 17. Bxd6 Rxd6 1/2-1/2

[Event "OSREDNJA SLOVENSKA LIGA 2024"]
[Site "Gostovanja"]
[Date "2024.10.17"]
[Round "6.7"]
[White "Lanjscek, Miha"]
[Black "Babarovic, Fran"]
[Result "1-0"]
[WhiteElo "1857"]
[BlackElo "1786"]
[PlyCount "55"]
[EventDate "2024.09.12"]
[WhiteTeam "SK Trzin"]
[BlackTeam "SK Komenda Pogi"]

1. d4 d5 2. c4 c6 3. cxd5 cxd5 4. Bg5 h6 5. Bf4 Nc6 6. Nc3 Nf6 7. e3 a6 8. Bd3
e6 9. Nge2 Nh5 10. O-O b5 11. Rc1 Bd7 12. Be5 Nxe5 13. dxe5 g6 14. Nd4 Ng7 15.
f4 Qb6 16. Qf3 Bc5 17. Nce2 Nf5 18. Bxf5 gxf5 19. Qg3 Kf8 20. Rc2 b4 21. Rfc1
Bxd4 22. Nxd4 a5 23. Rc7 Rd8 24. Qh4 Qb8 25. Nb5 Rh7 26. Nd6 Be8 27. Rc8 Qa7
28. Qxd8 1-0

[Event "OSREDNJA SLOVENSKA LIGA 2024"]
[Site "Gostovanja"]
[Date "2024.10.17"]
[Round "6.7"]
[White "Perme, Stanko"]
[Black "Konvalinka, Kostja"]
[Result "1/2-1/2"]
[WhiteElo "1492"]
[BlackElo "1766"]
[PlyCount "37"]
[EventDate "2024.09.12"]
[WhiteTeam "SK Komenda Pogi"]
[BlackTeam "SK Trzin"]

1. e4 c5 2. Nf3 d6 3. d4 cxd4 4. Nxd4 Nf6 5. Nc3 g6 6. Bc4 Bg7 7. Bb3 O-O 8.
O-O Nc6 9. Be3 Ng4 10. Nxc6 bxc6 11. Bg5 Nf6 12. Qe2 Qa5 13. Qd2 Re8 14. Bh6
Bh8 15. h3 Ba6 16. Rfe1 Rad8 17. Qe3 Qb6 18. Qd2 Qa5 19. Qe3 1/2-1/2

[Event "OSREDNJA SLOVENSKA LIGA 2024"]
[Site "Gostovanja"]
[Date "2024.10.17"]
[Round "6.7"]
[White "Bajec, Borut"]
[Black "Zagar, Katarina"]
[Result "1-0"]
[WhiteElo "1774"]
[BlackElo "1562"]
[PlyCount "63"]
[EventDate "2024.09.12"]
[WhiteTeam "SK Trzin"]
[BlackTeam "SK Komenda Pogi"]

1. d4 Nf6 2. Nf3 g6 3. c4 c5 4. d5 b5 5. Nc3 b4 6. Na4 d6 7. b3 Bg7 8. Bb2 Nbd7
9. e4 O-O 10. Bd3 Ng4 11. O-O Bxb2 12. Nxb2 Nde5 13. Bc2 Nxf3+ 14. Qxf3 Ne5 15.
Qg3 f5 16. f4 Ng4 17. h3 Nh6 18. e5 e6 19. Rad1 Qc7 20. Qh4 Nf7 21. dxe6 Bxe6
22. exd6 Nxd6 23. Rfe1 Rae8 24. Nd3 Ne4 25. Re3 Nc3 26. Rde1 Bf7 27. Re5 Ne4
28. Re3 Rxe5 29. Nxe5 Nc3 30. Nxf7 Rxf7 31. Re8+ Rf8 32. Re7 1-0